[Event "Asian Schools-ch U15 12th Blitz"]
[Site "Tehran"]
[Date "2016.07.16"]
[Round "8.1"]
[White "Fendereski, Nima"]
[Black "Pourghanbarzad Lashtnesha, Arman"]
[Result "0-1"]
[WhiteElo "2277"]
[BlackElo "2219"]
[PlyCount "111"]
[EventDate "2016.07.16"]
[EventType "swiss"]
[EventRounds "9"]
[EventCountry "IRI"]
[SourceTitle "EXT 2024"]
[Source "ChessBase"]
[SourceDate "2023.10.10"]
[SourceVersion "1"]
[SourceVersionDate "2023.10.10"]
[SourceQuality "1"]

1. e4 Nf6 2. e5 Nd5 3. d4 d6 4. c4 Nb6 5. exd6 cxd6 6. Nf3 g6 7. Nc3 Bg7 8. Be3 0-0 9. Rc1 Nc6 10. h3 Bf5 11. Be2 d5 12. b3 dxc4 13. bxc4 Rc8 14. c5 Nd5 15. Nxd5 Qxd5 16. Bc4 Qd8 17. 0-0 Na5 18. Be2 Be4 19. Qa4 Bd5 20. Ne5 Nc6 21. Nxc6 bxc6 22. Bf4 Qd7 23. Rfd1 Rfd8 24. Ba6 Ra8 25. Rb1 Qf5 26. Bg3 Rd7 27. Bb7 Rad8 28. Bxc6 Bxc6 29. Qxc6 Bxd4 30. Rdc1 Rd5 31. Qc7 Bxc5 32. Rb2 Bd4 33. Re2 R5d7 34. Qc4 Bf6 35. Rf1 Kg7 36. Qa4 Rd2 37. Rxd2 Rxd2 38. Qxa7 h5 39. Qa4 Rd4 40. Qb3 h4 41. Bh2 Rd2 42. a4 Bd4 43. Kh1 Rxf2 44. Rxf2 Qxf2 45. Qd1 Bf6 46. Bg1 Qa2 47. Bb6 e5 48. a5 e4 49. Qe1 Qa4 50. Qb1 Bg5 51. Qe1 Qc6 52. Bg1 Qa8 53. Qc3+ Bf6 54. Qe1 Qa6 55. Bb6 Qd3 56. Bg1 0-1

[Event "Asian Schools-ch U15 12th Blitz"]
[Site "Tehran"]
[Date "2016.07.16"]
[Round "6.3"]
[White "Pourghanbarzad Lashtnesha, Arman"]
[Black "Naderi, M Sadegh"]
[Result "1-0"]
[WhiteElo "2219"]
[BlackElo "1864"]
[PlyCount "72"]
[EventDate "2016.07.16"]
[EventType "swiss"]
[EventRounds "9"]
[EventCountry "IRI"]
[SourceTitle "EXT 2024"]
[Source "ChessBase"]
[SourceDate "2023.10.10"]
[SourceVersion "1"]
[SourceVersionDate "2023.10.10"]
[SourceQuality "1"]

1. e4 c6 2. d4 d5 3. e5 Bf5 4. h4 h5 5. c4 e6 6. Nc3 Ne7 7. Bg5 Nd7 8. cxd5 exd5 9. Bd3 Be6 10. Nge2 Qb6 11. Qc2 0-0-0 12. 0-0 Kb8 13. Rfb1 f6 14. exf6 gxf6 15. Bf4+ Ka8 16. b4 Rg8 17. a4 Rc8 18. a5 Qd8 19. b5 c5 20. dxc5 Nxc5 21. Nd4 Bf7 22. Qd2 Qd7 23. Be2 Ng6 24. Bg3 Bd6 25. Bxh5 Ne5 26. Bxf7 Qxf7 27. Nf5 Bb8 28. Qxd5 Qh5 29. Ne3 Rcd8 30. Qa2 Ng4 31. Nxg4 Qxg4 32. Ne2 Bxg3 33. fxg3 Ne4 34. a6 Rd2 35. axb7+ Kb8 36. Qxa7+ Kc7 1-0

[Event "Asian Schools-ch 12th U15"]
[Site "Tehran"]
[Date "2016.07.15"]
[Round "7.3"]
[White "Pourghanbarzad Lashtnesha, Arman"]
[Black "Hakemi, Arman"]
[Result "1/2-1/2"]
[WhiteElo "2231"]
[BlackElo "2037"]
[PlyCount "116"]
[EventDate "2016.07.11"]
[EventType "swiss"]
[EventRounds "9"]
[EventCountry "IRI"]
[SourceTitle "EXT 2024"]
[Source "ChessBase"]
[SourceDate "2023.10.10"]
[SourceVersion "1"]
[SourceVersionDate "2023.10.10"]
[SourceQuality "1"]

1. e4 c5 2. Nf3 e6 3. d4 cxd4 4. Nxd4 a6 5. c4 Nf6 6. Nc3 Bb4 7. Bd3 Nc6 8. Nxc6 dxc6 9. e5 Qa5 10. exf6 Bxc3+ 11. bxc3 Qxc3+ 12. Bd2 Qxd3 13. fxg7 Rg8 14. Bh6 Qc3+ 15. Kf1 Bd7 16. Rc1 Qf6 17. Qd2 e5 18. f3 e4 19. Re1 0-0-0 20. Bg5 Qxg7 21. Bxd8 exf3 22. Bg5 fxg2+ 23. Kxg2 Qxg5+ 24. Qxg5 Rxg5+ 25. Kf3 Be6 26. Re4 b5 27. Rh4 bxc4 28. Rxh7 Ra5 29. Ra1 c3 30. Rc1 Rxa2 31. Rxc3 Kd7 32. h4 Rh2 33. Kf4 Kd6 34. Rh8 c5 35. Ra3 c4 36. Rh5 Ke7 37. Rxa6 Kf6 38. Kg3 Rd2 39. Rc5 Rd3+ 40. Kf2 Rd4 41. h5 Rh4 42. Kg3 Rg4+ 43. Kf3 Rh4 44. Ra1 Rh3+ 45. Kg2 Rh4 46. Rh1 Rg4+ 47. Kf2 Kg7 48. h6+ Kh7 49. Rch5 Rg6 50. Ke3 Rg3+ 51. Kd4 Rg4+ 52. Kc3 Rg3+ 53. Kb4 Rg6 54. R1h2 Rg4 55. R5h4 Rg6 56. Kc5 Rg5+ 57. Kd6 Rg6 58. Ke7 c3 1/2-1/2

[Event "Rasht op"]
[Site "Rasht"]
[Date "2015.08.16"]
[Round "5"]
[White "Hamidi, Amir Mohammad"]
[Black "Pourghanbarzad Lashtnesha, Arman"]
[Result "1/2-1/2"]
[WhiteElo "2145"]
[BlackElo "2194"]
[PlyCount "49"]
[EventDate "2015.08.14"]
[EventType "swiss"]
[EventRounds "11"]
[EventCountry "IRI"]
[SourceTitle "EXT 2016"]
[Source "ChessBase"]
[SourceDate "2015.10.08"]
[SourceVersion "1"]
[SourceVersionDate "2015.10.08"]
[SourceQuality "1"]

1. d4 d5 2. c4 c6 3. Nc3 Nf6 4. Nf3 e6 5. e3 Nbd7 6. Bd3 dxc4 7. Bxc4 b5 8. Bd3 Bb7 9. 0-0 a6 10. a4 b4 11. Ne4 c5 12. Nxc5 Nxc5 13. dxc5 Bxc5 14. Qe2 0-0 15. e4 e5 16. Bg5 h6 17. Rac1 Be7 18. Bh4 Qa5 19. b3 Rac8 20. Bxf6 Bxf6 21. Bc4 Rfd8 22. Rfd1 Qb6 23. h3 a5 24. Rxd8+ Rxd8 25. Rd1 1/2-1/2

[Event "Tehran Behin Cup 2nd"]
[Site "Tehran"]
[Date "2014.11.22"]
[Round "9"]
[White "Pourghanbarzad Lashtnesha, Arman"]
[Black "Alavi, Sayed Javad"]
[Result "0-1"]
[WhiteElo "2231"]
[BlackElo "2458"]
[PlyCount "176"]
[EventDate "2014.11.15"]
[EventType "swiss"]
[EventRounds "9"]
[EventCountry "IRI"]
[SourceTitle "CBM 163 Extra"]
[Source "ChessBase"]
[SourceDate "2014.12.23"]
[SourceVersion "1"]
[SourceVersionDate "2014.12.23"]
[SourceQuality "1"]

1. e4 c5 2. Nf3 e6 3. d4 cxd4 4. Nxd4 Nc6 5. Nc3 Qc7 6. Be2 a6 7. Be3 Nf6 8. 0-0 Be7 9. f4 d6 10. Qe1 0-0 11. Qg3 Nxd4 12. Bxd4 b5 13. a3 Bb7 14. Kh1 Rad8 15. Rae1 Rd7 16. Bd3 Re8 17. e5 dxe5 18. Bxe5 Qd8 19. Ne4 Nh5 20. Qh3 g6 21. Ng3 Nxg3+ 22. hxg3 Bd6 23. g4 Bxe5 24. Rxe5 Rd4 25. Qg3 Bd5 26. Rfe1 Bc4 27. Bxc4 bxc4 28. f5 Rd1 29. Qf2 Rxe1+ 30. Qxe1 Qf6 31. g5 Qxg5 32. fxe6 f5 33. e7 Kf7 34. Qe2 Qh4+ 35. Kg1 Qd4+ 36. Kh1 c3 37. bxc3 Qxc3 38. Re3 Qc5 39. Qd3 Rxe7 40. Rxe7+ Kxe7 41. Qxa6 Qxc2 42. Qb7+ Kf6 43. Qxh7 Qc1+ 44. Kh2 Qxa3 45. Qh4+ Ke6 46. Qc4+ Ke5 47. Qe2+ Kf6 48. Qd2 Qe7 49. g3 g5 50. Qc3+ Qe5 51. Qc6+ Qe6 52. Qc3+ Kg6 53. Qc2 Qe4 54. Qb2 Qf3 55. Qd2 Kh5 56. Qb2 Qd5 57. Qh8+ Kg6 58. Qb2 Qe4 59. Qa2 Kh5 60. Qd2 g4 61. Qd6 Kg5 62. Kg1 Qb1+ 63. Kg2 Qb2+ 64. Kg1 Qf6 65. Qf4+ Kg6 66. Kg2 Qc6+ 67. Kg1 Qe4 68. Qd6+ Kf7 69. Qd7+ Kf6 70. Qd6+ Qe6 71. Qf4 Qe1+ 72. Kh2 Qe2+ 73. Kg1 Ke6 74. Qh6+ Kd5 75. Qf4 Qe5 76. Qf2 Qd4 77. Kh1 Qe4+ 78. Kh2 Kc4 79. Qd2 Qd3 80. Qb2 Qc3 81. Qf2 Qd3 82. Qa2+ Kc3 83. Qa5+ Kc2 84. Qc5+ Kd1 85. Qg1+ Ke2 86. Qg2+ Ke1 87. Qh1+ Qf1 88. Qe4+ Qe2+ 0-1

[Event "Tehran Behin Cup 2nd"]
[Site "Tehran"]
[Date "2014.11.20"]
[Round "7"]
[White "Pourghanbarzad Lashtnesha, Arman"]
[Black "Mahjoob, Morteza"]
[Result "0-1"]
[WhiteElo "2231"]
[BlackElo "2412"]
[PlyCount "140"]
[EventDate "2014.11.15"]
[EventType "swiss"]
[EventRounds "9"]
[EventCountry "IRI"]
[SourceTitle "CBM 163 Extra"]
[Source "ChessBase"]
[SourceDate "2014.12.23"]
[SourceVersion "1"]
[SourceVersionDate "2014.12.23"]
[SourceQuality "1"]

1. e4 c5 2. Nf3 Nc6 3. d4 cxd4 4. Nxd4 g6 5. c4 Nf6 6. Nc3 Nxd4 7. Qxd4 d6 8. Be2 Bg7 9. Be3 0-0 10. Qd2 a5 11. 0-0 a4 12. f3 Qa5 13. Rac1 Be6 14. Nd5 Qxd2 15. Nxe7+ Kh8 16. Bxd2 Rfe8 17. Nd5 Nxd5 18. cxd5 Bxd5 19. Bb5 Re5 20. Bxa4 Bxa2 21. b3 Rc5 22. Be3 b5 23. Bxc5 bxa4 24. Ba3 Bd4+ 25. Rf2 Bxf2+ 26. Kxf2 axb3 27. Bb2+ Kg8 28. Ke3 Kf8 29. g4 Ra7 30. g5 Ke7 31. f4 Kd7 32. Kd3 Rb7 33. Kd4 Ke6 34. Kd3 Rb4 35. Ke3 Kd7 36. Rd1 Ke6 37. Rc1 Ra4 38. Kf3 Ra5 39. Ke3 h6 40. h4 h5 41. Kd4 Ra4+ 42. Ke3 Rb4 43. Kf3 Rb5 44. Rc7 Bb1 45. Bf6 d5 46. exd5+ Kxd5 47. Bb2 Ra5 48. Rb7 Bc2 49. Bf6 Kc6 50. Rb4 Rd5 51. Rc4+ Kd7 52. Rb4 Ke6 53. Rb7 Rd3+ 54. Ke2 Rd7 55. f5+ gxf5 56. Rb6+ Kd5 57. Ke3 Ra7 58. Rb8 Ra4 59. Rd8+ Kc6 60. Rc8+ Kb7 61. Rf8 f4+ 62. Kf3 Be4+ 63. Kxf4 Bg6+ 64. Kg3 Rg4+ 65. Kh3 Re4 66. Rd8 Re3+ 67. Kg2 b2 68. Bxb2 Re2+ 69. Kf3 Rxb2 70. Rd4 Kc6 0-1

[Event "Tehran Behin Cup 2nd"]
[Site "Tehran"]
[Date "2014.11.18"]
[Round "4"]
[White "Pourghanbarzad Lashtnesha, Arman"]
[Black "Harutjunyan, Gevorg"]
[Result "0-1"]
[WhiteElo "2231"]
[BlackElo "2451"]
[PlyCount "70"]
[EventDate "2014.11.15"]
[EventType "swiss"]
[EventRounds "9"]
[EventCountry "IRI"]
[SourceTitle "CBM 163 Extra"]
[Source "ChessBase"]
[SourceDate "2014.12.23"]
[SourceVersion "1"]
[SourceVersionDate "2014.12.23"]
[SourceQuality "1"]

1. e4 c6 2. d4 d5 3. Nc3 dxe4 4. Nxe4 Bf5 5. Ng3 Bg6 6. h4 h6 7. f4 e6 8. Nf3 Nd7 9. h5 Bh7 10. Bd3 Bxd3 11. Qxd3 Bb4+ 12. Bd2 Bxd2+ 13. Qxd2 Ngf6 14. 0-0-0 Qc7 15. Ne5 Rd8 16. Qe2 0-0 17. Ne4 c5 18. Nxf6+ Nxf6 19. dxc5 Qxc5 20. g4 Nd5 21. Nd3 Qc4 22. Qe5 Qxa2 23. g5 Nb6 24. b3 Rd5 25. Qe2 Rfd8 26. g6 Qa3+ 27. Kd2 Rxd3+ 28. cxd3 Qb4+ 29. Ke3 Nd5+ 30. Kf2 Qd4+ 31. Kg3 Qxf4+ 32. Kh3 Nc3 33. Qf1 Qe3+ 34. Kg2 Qg5+ 35. Kf2 fxg6 0-1